000 00445nam a22001811a 4500
001 3109
003 OSt
005 20260204211837.0
008 070424s2006||||ck ||||||b||||||||||spa||
020 _a1575544490
050 _a612.6 C818s
100 _aCortés A., Felix
245 _aSexo con amor: no hay nada mejor / Felix Cortés A.
264 _aColombia: Gema
300 _a189 p
650 _aEducación Sexual 2.SexoÌ
942 _2ddc
_cBK
999 _c3109
_d3109